000 00564nam a22002057a 4500
001 00125
003 DO-SdBNP
005 20171129145312.0
007 00125
008 160329b xxu 200-? ||||| |||| 00| 0 spa d
020 _a9780673811509
040 _aBPMSU
_bspa
_cBPMSU
092 _axxxxxxxx
_bxxxxxxxx
245 _aWére all in this together :
_bhow families nmatter
260 _aEstados Unidos :
_bScottForesman,
_c20--?
300 _a136 p. :
_bil.,
_c26 cm.
942 _2ddc
_cBK
945 _aInventariado extranjero / 2017 BT
956 _aBrenda Tavárez
999 _c9418
_d9418